Vývoj rozpočtovej politiky a výkonnosti ekonomiky SR dizertačná práca
Salvato in:
| Autore principale: | |
|---|---|
| Ente Autore: | |
| Altri autori: | |
| Natura: | Libro |
| Lingua: | slovacco |
| Pubblicazione: |
Bratislava
2005
|
| Soggetti: | |
| Tags: |
Nessun Tag, puoi essere il primo ad aggiungerne!!
|
MARC
| LEADER | 00000nam$a2200000$$$4500 | ||
|---|---|---|---|
| 001 | 0054869 | ||
| 005 | 20240104134451.9 | ||
| 041 | 0 | |a slo | |
| 044 | |a SK | ||
| 245 | 1 | 0 | |a Vývoj rozpočtovej politiky a výkonnosti ekonomiky SR |b dizertačná práca |c Michal Galajda ; školiteľ: Vieroslava Holková |
| 264 | 1 | |a Bratislava |c 2005 | |
| 300 | |a 157 s. | ||
| 610 | 2 | 0 | |a politika rozpočtová |
| 610 | 2 | 0 | |a rozpočet štátny |
| 610 | 2 | 0 | |a hospodárstvo národné |
| 610 | 2 | 0 | |a analýzy |
| 610 | 2 | 0 | |a konvergencia |
| 610 | 2 | 0 | |a financie verejné |
| 610 | 2 | 0 | |a fondy štátne |
| 100 | 1 | |a Galajda, Michal | |
| 700 | 1 | |a Holková, Vieroslava | |
| 710 | 2 | |a Národohospodárska fakulta EU. Katedra hospodárskej politiky | |